header

Improving health through nursing research (Record no. 51371)

MARC details
000 -LEADER
fixed length control field 01303nam a2200313Ia 4500
245 00 - TITLE STATEMENT
Title Improving health through nursing research
250 ## - EDITION STATEMENT
Edition statement 1st ed.
260 ## - PUBLICATION, DISTRIBUTION, ETC. (IMPRINT)
Place of publication Chichester, West Sussex, UK ;
-- Ames, Iowa, USA :
Name of publisher Blackwell Pub. ;
Place of publication [Geneva, Switzerland] : International Council for Nurses,
Year of publication 2009.
300 ## - PHYSICAL DESCRIPTION
Number of Pages xii, 258 p.
650 #0 - SUBJECT ADDED ENTRY--TOPICAL TERM
Topical Term Nursing
Topical Term Evidence-based nursing.
700 1# - ADDED ENTRY--PERSONAL NAME
Personal name Holzemer, William L.
856 40 - ELECTRONIC LOCATION AND ACCESS
Uniform Resource Identifier http://site.ebrary.com/lib/rucke/Doc?id=10331487

No items available.

© 2026 Rongo University
Contact us: librarian | system librarian | Rongo university